Crisis del estado o crisis de hegemonía?

Збережено в:
Бібліографічні деталі
Автор: Roldan, Mario Reni
Співавтор: Partido Socialdemocráta
Формат: Текст
Опубліковано: San Salvador: Asociación Salvadoreña de Sociología
Теги: Додати тег
Немає тегів, Будьте першим, хто поставить тег для цього запису!

MARC

LEADER 00000 a a2200000 04500
001 21285
003
040
090 |a 093000  
100 |a Roldan, Mario Reni  
110 |a Partido Socialdemocráta  
245 |a Crisis del estado o crisis de hegemonía?  
260 |a San Salvador:   |b Asociación Salvadoreña de Sociología  
300 |a 5 p.  
999 |c 6246  |d 6246